000 00418nam a22001697a 4500
005 20180203113732.0
008 160426b xxu||||| |||| 00| 0 eng d
020 _a81-7808-781-2
041 _aeng
082 _b00189
_a004.21
100 _aHoffer, Jeffrey
_94058
245 _aModern Systems Analysis & Design
250 _aerd ed.
260 _aNew Delhi
_bPearson Prantics Hall,
_c2004
300 _a733
942 _cBK
999 _c68
_d68